Enseñanza moderna de las ciencias en el grado medio (Record no. 59491)
[ view plain ]
| 000 -LEADER | |
|---|---|
| campo de control de longitud fija | 01137nam a2200265 i 4500 |
| 001 - NÚMERO DE CONTROL | |
| campo de control | 59491 |
| 003 - IDENTIFICADOR DE NÚMERO DE CONTROL | |
| campo de control | ES-MaACL |
| 005 - FECHA Y HORA DE LA ÚLTIMA TRANSACCIÓN | |
| campo de control | 20230906164037.0 |
| 007 - CAMPO FIJO DE DESCRIPCIÓN FÍSICA--INFORMACIÓN GENERAL | |
| campo de control de longitud fija | t| |
| 008 - DATOS DE LONGITUD FIJA--INFORMACIÓN GENERAL | |
| campo de control de longitud fija | 031029s1962 sp ||||1| spa d |
| 110 2# - ENTRADA PRINCIPAL--NOMBRE DE ENTIDAD CORPORATIVA | |
| Nombre de entidad corporativa o nombre de jurisdicción como elemento de entrada | Science Master's Association (London) |
| 9 (RLIN) | 167996 |
| 245 10 - MENCIÓN DEL TÍTULO | |
| Título | Enseñanza moderna de las ciencias en el grado medio |
| Resto del título | : edición española de Secondary modern science teaching / |
| Mención de responsabilidad, etc. | (publicado por la Asociación de Profesores de Ciencias de Inglaterra) ; versión Cándida Uriel. |
| 260 ## - PUBLICACIÓN, DISTRIBUCIÓN, ETC. | |
| Lugar de publicación, distribución, etc. | Madrid : |
| Nombre del editor, distribuidor, etc. | Dirección General de Enseñanza Media, |
| Fecha de publicación, distribución, etc. | [1962] |
| 300 ## - DESCRIPCIÓN FÍSICA | |
| Extensión | 1 v. : |
| Otras características físicas | il. ; |
| Dimensiones | 21 cm. |
| 490 1# - MENCIÓN DE SERIE | |
| Mención de serie | Ediciones de la Revista Enseñanza Media ; |
| Designación de volumen o secuencia | 260 |
| 500 ## - NOTA GENERAL | |
| Nota general | Precede al tít.: Ministerio de Educación Nacional. |
| 500 ## - NOTA GENERAL | |
| Nota general | Es el T. I. |
| 500 ## - NOTA GENERAL | |
| Nota general | Ed. española del Secondary Modern Science Teaching. |
| 650 #4 - PUNTO DE ACCESO ADICIONAL DE MATERIA--TÉRMINO DE MATERIA | |
| Término de materia o nombre geográfico como elemento de entrada | Ciencias- |
| Subdivisión general | Enseñanza. |
| 9 (RLIN) | 167997 |
| 700 1# - ENTRADA AGREGADA--NOMBRE PERSONAL | |
| Nombre de persona | Uriel, Cándida. |
| 9 (RLIN) | 112173 |
| 710 1# - ENTRADA AGREGADA--NOMBRE DE ENTIDAD CORPORATIVA | |
| Nombre de entidad corporativa o nombre de jurisdicción como elemento de entrada | España. |
| Unidad subordinada | Ministerio de Educación Nacional. |
| 9 (RLIN) | 3859 |
| 830 0# - PUNTO DE ACCESO ADICIONAL DE SERIE-TÍTULO UNIFORME | |
| Título uniforme | Ediciones de la Revista Enseñanza Media ; |
| Designación de volumen o secuencia | 260 |
| 9 (RLIN) | 230513 |
| 852 ## - LOCALIZACIÓN | |
| Ubicación | ES-MaACL |
| Número de control de estantería | P-732-bis |
| Sublocalización o colección | R.51449 |
| Estatus retirado | Estado de pérdida | Estado de daño | No para préstamo | Biblioteca de origen | Biblioteca actual | Ubicación en estantería | Fecha de adquisición | Fuente de adquisición | Total de préstamos | Signatura topográfica completa | Código de barras | Visto por última vez | Precio de reemplazo | Tipo de ítem Koha |
|---|---|---|---|---|---|---|---|---|---|---|---|---|---|---|
| Biblioteca del Ateneo de Madrid | Biblioteca del Ateneo de Madrid | Depósito 2 | 17/01/2008 | P-732-bis | 1062398 | 23/02/2023 | 23/02/2023 | Libro impreso |
